People Forrest Gump Met - Statistics

General Stats
  • This quiz has been taken 56 times
  • The average score is 5 of 12
Answer Stats
Picture Answer % Correct
Elvis Presley
100%
John F. Kennedy
98%
Richard Nixon
94%
John Lennon
92%
Lyndon B. Johnson
74%
Bear Bryant
16%
Dick Cavett
16%
Abbie Hoffman
12%
George Wallace
12%
Frank Wills
6%
Vivian Malone Jones
6%
Harvey Ross Ball
4%
No matching quizzes found
Score Distribution
Percent of People with Each Score
Percentile by Number Answered
Your Score History
You have not taken this quiz